Osud banderovců a tragédie řeckokatolické církve

Bibliographic Details
Main Author: Mlynárik, Ján, 1933-2012 (Author)
Format: Book
Language:Czech
PhysicalDescription:96 s. 21 cm
Published: Praha Libri 2005
ISBN:807277204X
Edition:1. vyd.
Series:Otazníky našich dějin
Subjects:

MARC

LEADER 00000nam a2200000 a 4500
001 vtls008155133
003 SK-MaSNL
005 20260301074524.0
008 251106s2005 xr n 000 0dcze
015 |a SNBZSA2005-00148 
020 |a 807277204X  |q (brož.) 
035 |a urn:nbn:sk:snk-am00b7d3 
035 |a urn:nbn:sk:snk-am3h7jp 
035 |a 32F2D3BF-AA39-47E0-985D-F9FB052CA173 
040 |a SNK  |b slo  |c SNK  |e AACR2 
041 0 |a cze 
043 |a e-cs---  |a e-un  |a e-xo 
044 |a xr 
072 7 |a 94(430/439)  |x Dejiny krajín strednej Európy  |2 konspekt 
100 1 |a Mlynárik, Ján,  |d 1933-2012  |4 aut  |9 205423 
245 1 0 |a Osud banderovců a tragédie řeckokatolické církve  |c Ján Mlynárik 
250 |a 1. vyd. 
260 |a Praha  |b Libri  |c 2005 
300 |a 96 s.  |c 21 cm 
490 1 |a Otazníky našich dějin 
500 |a 1000 výt. 
504 |a Bibliogr. s. 95-96 
600 1 7 |a Bandera, Stepan,  |d 1908-1959  |2 SNKMA  |9 397264 
610 2 7 |a Gréckokatolícka cirkev  |z Slovensko  |y 1945-1950  |2 SNKKA  |9 397265 
648 7 |a 1945-1950  |2 SNK  |9 286018 
650 0 7 |a komunistická propaganda  |2 SNKPH  |9 3962 
650 0 7 |a náboženská perzekúcia  |2 SNKPH  |9 68303 
650 0 7 |a hnutie za nezávislosť  |z Ukrajina  |2 SNK  |9 90881 
651 7 |a Slovensko  |x dejiny  |2 SNKPHgeo  |9 13278 
655 7 |a štúdie  |2 SNKPH  |9 57033 
830 0 |a Otazníky našich dějin  |9 397266 
919 |a 80-7277-204-X 
958 |a ZS 
958 |a UA 
958 |a NT 
958 |a NB 
999 |c 647405  |d 649335 
952 |a SNK  |b SNK  |y PREZ  |7 0  |p 17A0471578  |o snkSC 120256  |i snk2005/9364  |8 2  |g 5.38  |0 0  |1 0  |4 0  |d 2005-05-19  |f 1  |l 0  |r 2025-05-29 00:00:00  |w 2026-02-23